=LDR 00000nam 2200000 4500 =001 INLIS000000000037984 =005 20130612143702 =008 ***********************************ind** =035 ##$$a0010-061300000037984 =041 ##$$a ind =082 ##$$a 813 =090 ##$$a 813, Nuh y =100 ##$$a M.Nuh =245 ##$$a Ya Allah jadikan keluargaku sakinah =260 ##$$a 2011 $b jakarta =300 ##$$a 219 hlm =850 ##$$a NBPNMAT =990 ##$$a 90924/BPAP-NTB/2014